000
00491nam a2200169Ia 4500
008
090711s9999 xx 000 0 und d
082
_b
51737
100
_a
शेट्ये Sांद्रकांत
245
_a
गमत्या
260
_c
1985
300
_a
116
600
_a
शेट्ये Sांद्रकांत
630
_a
गमत्या
700
_a
शेट्ये Sांद्रकांत
730
_a
गमत्या
942
_c
BOOK
999
_c
301742
_d
301742